00528nam a2200193 a 4500001001300000003000900013005001700022008004100039020002300080082001600103100001800119245005900137260005300196300000900249500003500258505001000293650001300303700001800316nice12345678IN_TiNIC20260116013123.0050524s1999 unia grp 000 0 eng  a0750902 c69500a909.07bBAR aBartlett, W B aGod Wills Itb an Illustrated History of the Crusades. aUnited KingdombSutton Publishiing Limitedc1999 a274p aincludes index and biblioraphy2 aIndex aCrusades1 aBartlett, W B